HISTORY OF GERMAN LITERATURE (Record no. 421982)

MARC details
000 -LEADER
fixed length control field 00257nam a2200097Ia 4500
082 ## - DEWEY DECIMAL CLASSIFICATION NUMBER
Classification number R 830.9 ROB
008 - FIXED-LENGTH DATA ELEMENTS--GENERAL INFORMATION
fixed length control field 210817s9999 xx 000 0 und d
100 ## - MAIN ENTRY--PERSONAL NAME
Personal name ROBERTSON, J.G. 1970
9 (RLIN) 99419
245 #0 - TITLE STATEMENT
Title HISTORY OF GERMAN LITERATURE
942 ## - ADDED ENTRY ELEMENTS
item type Books

No items available.